Konkurencieschopnosť slovenských textilných a odevných podnikov v rámci EÚ diplomová práca

Na minha lista:
Detalhes bibliográficos
Autor principal: Schmidt, Ľudovít
Autor Corporativo: Obchodná fakulta EU. Katedra marketingu
Outros Autores: Čihovská, Viera
Formato: Livro
Idioma:eslovaco
Publicado em: Bratislava 2009
Tags: Adicionar Tag
Sem tags, seja o primeiro a adicionar uma tag!

MARC

LEADER 00000nam$a2200000$$$4500
001 0098027
005 20240318135400.3
041 0 |a slo 
044 |a SK 
245 1 0 |a Konkurencieschopnosť slovenských textilných a odevných podnikov v rámci EÚ  |b diplomová práca  |c Ľudovít Schmidt ; škol. Viera Čihovská 
264 1 |a Bratislava  |c 2009 
300 |a 88 s. 
100 1 |a Schmidt, Ľudovít 
700 1 |a Čihovská, Viera 
710 2 |a Obchodná fakulta EU. Katedra marketingu